Vstup do EÚ a zmeny v produkčnej výkonnosti poľnohospodárskych podnikov
Očakávania poľnohospodárskych podnikov po vstupe Slovenskej republiky do Európskej únie. Vývoj vybraných ukazovateľov poľnohospodárskych podnikov za obdobie rokov 1999 - 2004. Komparácia výsledkov podnikov v kukuričnej a horskej výrobnej oblasti v roku 2003 a 2004. Analýza výsledkov podnikov v kukur...
Enregistré dans:
| Auteur principal: | |
|---|---|
| Autres auteurs: | |
| Format: | Chapitre de livre |
| Langue: | slovaque |
| Sujets: | |
| Tags: |
Pas de tags, Soyez le premier à ajouter un tag!
|
MARC
| LEADER | 00000naa$a2200000$$$4500 | ||
|---|---|---|---|
| 001 | 0053919 | ||
| 005 | 20240502071626.1 | ||
| 041 | 0 | |a slo | |
| 044 | |a SK | ||
| 245 | 1 | 0 | |a Vstup do EÚ a zmeny v produkčnej výkonnosti poľnohospodárskych podnikov |c Miroslav Grznár, Ľuboslav Szabo |
| 520 | |a Očakávania poľnohospodárskych podnikov po vstupe Slovenskej republiky do Európskej únie. Vývoj vybraných ukazovateľov poľnohospodárskych podnikov za obdobie rokov 1999 - 2004. Komparácia výsledkov podnikov v kukuričnej a horskej výrobnej oblasti v roku 2003 a 2004. Analýza výsledkov podnikov v kukuričnej výrobnej oblasti v roku 2003 a 2004. Intenzifikácia v kukuričnej výrobnej oblasti a výsledky podnikov v r. 2004. Problémové oblasti, ktoré sa v súčasnosti v agrárnom sektore prejavujú. | ||
| 610 | 2 | 0 | |a poľnohospodárstvo |
| 610 | 2 | 0 | |a produkcia |
| 610 | 2 | 0 | |a výnosy |
| 610 | 2 | 0 | |a výnosy hektárové |
| 610 | 2 | 0 | |a prosperita ekonomická |
| 610 | 2 | 0 | |a produktivita práce |
| 610 | 2 | 0 | |a výsledok hospodársky |
| 610 | 2 | 0 | |a zisk |
| 610 | 2 | 0 | |a strata |
| 610 | 2 | 0 | |a konkurencieschopnosť |
| 610 | 2 | 0 | |a Slovensko |
| 100 | 1 | |a Grznár, Miroslav | |
| 700 | 1 | |a Szabo, Ľuboslav | |